British and Irish Silver Assay Office Marks 1544-1968 (Record no. 5160)

MARC details
000 -CABECERA
campo de control de longitud fija 01046nam a2200253 a 4500
001 - NÚMERO DE CONTROL
campo de control BRCA_5466
005 - FECHA Y HORA DE LA ÚLTIMA TRANSACCIÓN
campo de control 20190320205106.0
008 - DATOS DE LONGITUD FIJA--INFORMACIÓN GENERAL
campo de control de longitud fija 271210s1968----enka######---#000-0#eng-#
041 ## - CÓDIGO DE LENGUA
Código de lengua del texto/banda sonora o título independiente eng
044 ## - CÓDIGO DEL PAÍS DE LA ENTIDAD EDITORA/PRODUCTORA
Código MARC del país enk
050 #4 - SIGNATURA TOPOGRÁFICA DE LA BIBLIOTECA DEL CONGRESO
Número de clasificación NK7114
Número de documento/Ítem .B75 1968
245 10 - MENCIÓN DE TÍTULO
Título British and Irish Silver Assay Office Marks 1544-1968
Resto del título with notes on Gold Markings, and Marks on Foreign Imported Silver and Gold Plate : Old Sheffield Plate Makers´ Marks 1743-1860
Mención de responsabilidad, etc. compiled by Frederick Bradbury.
250 ## - MENCIÓN DE EDICIÓN
Mención de edición 12
260 ## - PUBLICACIÓN, DISTRIBUCIÓN, ETC.
Lugar de publicación, distribución, etc. Inglaterra
Nombre del editor, distribuidor, etc. J. W. Northend
Fecha de publicación, distribución, etc. 1968
300 ## - DESCRIPCIÓN FÍSICA
Extensión 92 p.
Otras características físicas il.
Dimensiones 15 cm.
500 ## - NOTA GENERAL
Nota general Titulo en cubierta: Guide to Marks of Origin on British and Irish Silver Plate from Mid 16th Century to the Year 1968 and Old Sheffield Plate Markers´ Marks 1743-1860
500 ## - NOTA GENERAL
Nota general Estado físico: encuadernado, marzo 2015
500 ## - NOTA GENERAL
Nota general Donación Dr. Héctor Rivero Borrell Vázquez
650 14 - PUNTO DE ACCESO ADICIONAL DE MATERIA--TÉRMINO DE MATERIA
Término de materia o nombre geográfico como elemento de entrada Trabajo en plata
9 (RLIN) 13966
650 14 - PUNTO DE ACCESO ADICIONAL DE MATERIA--TÉRMINO DE MATERIA
Término de materia o nombre geográfico como elemento de entrada Plata
Subdivisión general Marcas
Subdivisión cronológica Siglo XVI-XX
9 (RLIN) 13967
700 1# - PUNTO DE ACCESO ADICIONAL--NOMBRE DE PERSONA
Nombre de persona Bradbury, Frederick
9 (RLIN) 13968
902 ## - CATALOGADOR
Iniciales DHR
942 ## - ELEMENTOS DE PUNTO DE ACCESO ADICIONAL (KOHA)
Fuente del sistema de clasificación o colocación Library of Congress Classification
Tipo de ítem Koha Libros
Holdings
Estado de retiro Estado de pérdida Estado dañado No para préstamo Localización permanente Ubicación/localización actual Fecha de adquisición Total de préstamos Signatura topográfica completa Código de barras Fecha visto por última vez Precio válido a partir de Tipo de ítem Koha
El ejemplar forma parte de la colección y puede ser consultado según las políticas vigentes.       Biblioteca del Museo Franz Mayer (Rogerio Casas-Alatriste) Biblioteca del Museo Franz Mayer (Rogerio Casas-Alatriste) 27/12/2010   NK7114 .B75 1968 DHR00095 22/03/2019 22/03/2019 Libros